• 首页
  • 本馆介绍
  • 公告通知
  • 最新文献
  • 馆藏检索
  • 电子资源
  • 读者导购
  • 参考咨询
  • 我的图书馆
  • 登录
  • 详细信息显示
  • 放入我的书架
  • 预约/预借图书
  • 作者相关作品
  • 分类相关作品
  • 丛书相关作品
  • 出版社相关作品

书目信息

  • 表格格式
  • 工作单格式
  • 卡片格式
题名:
漳卫南运河水资源监控能力建设
    
 
作者: 李瑞江 主编
分册:  
出版信息: 北京   中国水利水电出版社  2017
页数: 334页
开本: 27cm
丛书名:
单 册:
中图分类: TV213.4
科图分类:
主题词: 运河--水资源管理--研究--天津
电子资源:
ISBN: 978-7-5170-6235-6
000 00824nam0 2200217 450
001 2344557800
005 20231130104146.75
010    @a978-7-5170-6235-6@dCNY120.00
100    @a20180913d2017 em y0chiy50 ea
101 0  @achi
102    @aCN@b110000
105    @aab z 000yy
200 1  @a漳卫南运河水资源监控能力建设@Azhang wei nan yun he shui zi yuan jian kong neng li jian she@f李瑞江主编
210    @a北京@c中国水利水电出版社@d2017
215    @a334页@c图,地图@d27cm
330    @a本书共分10章,分别为:漳卫南运河流域概况、水文站网与水情测报、水利信息化建设、漳卫南运河知识管理系统、水资源监控能力建设目标和任务、水资源监控能力建设总体设计等。
606 0  @a运河@x水资源管理@x研究@y天津
690    @aTV213.4@v5
701  0 @a李瑞江@Ali rui jiang@4主编
801  0 @aCN@b山东中教@c20231126
905    @aBZT@dTV213.4@e11
    
    漳卫南运河水资源监控能力建设/李瑞江主编.-北京:中国水利水电出版社,2017
    334页:图,地图;27cm
    
    
    ISBN 978-7-5170-6235-6:CNY120.00
    本书共分10章,分别为:漳卫南运河流域概况、水文站网与水情测报、水利信息化建设、漳卫南运河知识管理系统、水资源监控能力建设目标和任务、水资源监控能力建设总体设计等。
●
相关链接 在五车中查询图书 在当当中查询图书 在豆瓣中查询图书


正题名:漳卫南运河水资源监控能力建设     索取号:TV213.4/11         预约/预借

序号 登录号 条形码 馆藏地/架位号 状态 备注
1 2001187248   2001187248   东辅楼二楼书库/ [索取号:TV213.4/11] 在馆    
2 2001187249   2001187249   东辅楼二楼书库/ [索取号:TV213.4/11] 在馆    
3 2001187250   2001187250   东辅楼二楼书库/ [索取号:TV213.4/11] 在馆    
4 2001187251   2001187251   东辅楼二楼书库/ [索取号:TV213.4/11] 在馆    
5 2001187252   2001187252   东辅楼二楼书库/ [索取号:TV213.4/11] 在馆    
6 2001187253   2001187253   东辅楼二楼书库/ [索取号:TV213.4/11] 在馆    
7 2001187254   2001187254   东辅楼二楼书库/ [索取号:TV213.4/11] 在馆    
8 2001187255   2001187255   东辅楼二楼书库/ [索取号:TV213.4/11] 在馆    
9 2001187256   2001187256   东辅楼二楼书库/ [索取号:TV213.4/11] 在馆    
10 2001187257   2001187257   东辅楼二楼书库/ [索取号:TV213.4/11] 在馆    
11 2001187258   2001187258   东辅楼二楼书库/ [索取号:TV213.4/11] 在馆    
12 2001187259   2001187259   东辅楼二楼书库/ [索取号:TV213.4/11] 在馆    
13 2001187260   2001187260   东辅楼二楼书库/ [索取号:TV213.4/11] 在馆    
14 2001187261   2001187261   东辅楼二楼书库/ [索取号:TV213.4/11] 在馆    
15 2001187262   2001187262   东辅楼二楼书库/ [索取号:TV213.4/11] 在馆    
16 2001232106   2001232106   中教(第二批第二书库)/山东中教(第二批)/2418/ [索取号:TV213.4/11] 在馆    
17 2001232107   2001232107   中教(第二批第二书库)/山东中教(第二批)/2418/ [索取号:TV213.4/11] 在馆    
18 2001232108   2001232108   中教(第二批第二书库)/山东中教(第二批)/2418/ [索取号:TV213.4/11] 在馆    
19 2001232109   2001232109   中教(第二批第二书库)/山东中教(第二批)/2418/ [索取号:TV213.4/11] 在馆    
20 2001232110   2001232110   中教(第二批第二书库)/山东中教(第二批)/2418/ [索取号:TV213.4/11] 在馆    
21 2001232111   2001232111   中教(第二批第二书库)/山东中教(第二批)/2418/ [索取号:TV213.4/11] 在馆    
22 2001232112   2001232112   中教(第二批第二书库)/山东中教(第二批)/2418/ [索取号:TV213.4/11] 在馆    
23 2001232113   2001232113   中教(第二批第二书库)/山东中教(第二批)/2418/ [索取号:TV213.4/11] 在馆    
24 2001232114   2001232114   中教(第二批第二书库)/山东中教(第二批)/2418/ [索取号:TV213.4/11] 在馆    
25 2001232115   2001232115   中教(第二批第二书库)/山东中教(第二批)/2418/ [索取号:TV213.4/11] 在馆    
26 2001232116   2001232116   中教(第二批第二书库)/山东中教(第二批)/2418/ [索取号:TV213.4/11] 在馆    
27 2001232117   2001232117   中教(第二批第二书库)/山东中教(第二批)/2418/ [索取号:TV213.4/11] 在馆    
28 2001232118   2001232118   中教(第二批第二书库)/山东中教(第二批)/2418/ [索取号:TV213.4/11] 在馆    
29 2001232119   2001232119   中教(第二批第二书库)/山东中教(第二批)/2418/ [索取号:TV213.4/11] 在馆    
30 2001232120   2001232120   中教(第二批第二书库)/山东中教(第二批)/2418/ [索取号:TV213.4/11] 在馆    
山东省滨州职业学院图书馆 欢迎您!
大连网信软件有限公司© 版权所有